00934nam a22002297a 4500003000500000005001700005008004100022020003000063040002300093082002300116100001300139110001700152245001700169250001900186260006400205300004200269520029600311521004600607650001700653651001700670700001700687322820240521105709.0240521b sa ||||| |||| 00| 0 eng d a9781770081949cHard Cover a3228bEnglishcrda 223aJ 331.702 WALL aWaller T aSouth Africa aEstate Agent aSecond Edition aSouth Africa:bAwareness Publishing Group (Pty) Ltd;cc2010 a44 Pages.;bCololured Picturedc21 cm aAn a introduction to the job of Estate agent, describing the work of an estate agent, the skills and personal qualities required, school subjects that are helpful, and the training and opportunities that are available. the book can help learners to decide if this is suitable careerfor them. aJunior Non-Fiction -; Juvenile literature 2Estate Agent 2South Africa aNafte Debbie